<?xml version="1.0" encoding="UTF-8"?>
<record
    xmlns:xsi="http://www.w3.org/2001/XMLSchema-instance"
    xsi:schemaLocation="http://www.loc.gov/MARC21/slim http://www.loc.gov/standards/marcxml/schema/MARC21slim.xsd"
    xmlns="http://www.loc.gov/MARC21/slim">

  <leader>05334namaa22004211i 4500</leader>
  <controlfield tag="003">OSt</controlfield>
  <controlfield tag="005">20260506102722.0</controlfield>
  <controlfield tag="008">250827s2025    ua a|||frm||| 000 0 eng d</controlfield>
  <datafield tag="040" ind1=" " ind2=" ">
    <subfield code="a">EG-GICUC</subfield>
    <subfield code="b">ara</subfield>
    <subfield code="c">EG-GICUC</subfield>
    <subfield code="d">EG-GICUC</subfield>
    <subfield code="e">rda</subfield>
  </datafield>
  <datafield tag="041" ind1="0" ind2=" ">
    <subfield code="a">ara</subfield>
    <subfield code="b">ara</subfield>
    <subfield code="b">eng</subfield>
  </datafield>
  <datafield tag="049" ind1=" " ind2=" ">
    <subfield code="a">&#x625;&#x64A;&#x62F;&#x627;&#x639;</subfield>
  </datafield>
  <datafield tag="082" ind1="0" ind2="4">
    <subfield code="a">371.912</subfield>
  </datafield>
  <datafield tag="092" ind1=" " ind2=" ">
    <subfield code="a">371.912</subfield>
    <subfield code="2">21</subfield>
  </datafield>
  <datafield tag="097" ind1=" " ind2=" ">
    <subfield code="a">&#x62F;&#x643;&#x62A;&#x648;&#x631;&#x627;&#x647;&#x200E;</subfield>
  </datafield>
  <datafield tag="099" ind1=" " ind2=" ">
    <subfield code="a">Cai01.26.03.Ph.D.2025.&#x634;&#x64A;.&#x641;</subfield>
  </datafield>
  <datafield tag="100" ind1="0" ind2=" ">
    <subfield code="a">&#x60C;&#x634;&#x64A;&#x645;&#x627;&#x621; &#x645;&#x62D;&#x645;&#x62F; &#x635;&#x627;&#x644;&#x62D; &#x633;&#x644;&#x64A;&#x645;&#x627;&#x646;</subfield>
    <subfield code="e">&#x625;&#x639;&#x62F;&#x627;&#x62F;.</subfield>
  </datafield>
  <datafield tag="245" ind1="1" ind2="0">
    <subfield code="a">&#x641;&#x627;&#x639;&#x644;&#x64A;&#x629; &#x628;&#x631;&#x646;&#x627;&#x645;&#x62C; &#x644;&#x623;&#x646;&#x634;&#x637;&#x629; &#x627;&#x644;&#x644;&#x639;&#x628; &#x627;&#x644;&#x62C;&#x645;&#x627;&#x639;&#x64A; &#x644;&#x639;&#x644;&#x627;&#x62C; &#x625;&#x650;&#x636;&#x637;&#x631;&#x627;&#x628; &#x627;&#x644;&#x644;&#x63A;&#x629; &#x627;&#x644;&#x628;&#x631;&#x627;&#x62C;&#x650;&#x645;&#x627;&#x62A;&#x64A;&#x629; &#x648;&#x62A;&#x62D;&#x633;&#x64A;&#x646; &#x627;&#x644;&#x62A;&#x641;&#x627;&#x639;&#x644; &#x627;&#x644;&#x625;&#x62C;&#x62A;&#x645;&#x627;&#x639;&#x64A; &#x644;&#x62F;&#x649; &#x627;&#x644;&#x627;&#x637;&#x641;&#x627;&#x644; &#x632;&#x627;&#x631;&#x650;&#x639;&#x64A; &#x627;&#x644;&#x642;&#x648;&#x642;&#x639;&#x629; /</subfield>
    <subfield code="c">&#x625;&#x639;&#x62F;&#x627;&#x62F; &#x634;&#x64A;&#x645;&#x627;&#x621; &#x645;&#x62D;&#x645;&#x62F; &#x635;&#x627;&#x644;&#x62D; &#x633;&#x644;&#x64A;&#x645;&#x627;&#x646;&#x61B; &#x625;&#x634;&#x631;&#x627;&#x641; &#x623;.&#x62F;/ &#x634;&#x62D;&#x627;&#x62A;&#x647; &#x633;&#x644;&#x64A;&#x645;&#x627;&#x646; &#x645;&#x62D;&#x645;&#x62F;&#x60C; &#x623;.&#x62F;/ &#x647;&#x646;&#x62F; &#x625;&#x633;&#x645;&#x627;&#x639;&#x64A;&#x644; &#x625;&#x645;&#x628;&#x627;&#x628;&#x64A;.                </subfield>
  </datafield>
  <datafield tag="246" ind1="1" ind2="5">
    <subfield code="a">The effectiveness of a program for group play activities to treat pragmatic language disorder and  improve social interaction in children with cochlear implants /</subfield>
  </datafield>
  <datafield tag="264" ind1=" " ind2="0">
    <subfield code="c">2025.</subfield>
  </datafield>
  <datafield tag="300" ind1=" " ind2=" ">
    <subfield code="a">191 &#x635;&#x641;&#x62D;&#x629; :</subfield>
    <subfield code="b">&#x625;&#x64A;&#x636;&#x627;&#x62D;&#x64A;&#x627;&#x62A; &#x61B; </subfield>
    <subfield code="c">25 &#x633;&#x645;. + </subfield>
    <subfield code="e">CD.</subfield>
  </datafield>
  <datafield tag="336" ind1=" " ind2=" ">
    <subfield code="a">text</subfield>
    <subfield code="2">rda content</subfield>
  </datafield>
  <datafield tag="337" ind1=" " ind2=" ">
    <subfield code="a">Unmediated</subfield>
    <subfield code="2">rdamedia</subfield>
  </datafield>
  <datafield tag="338" ind1=" " ind2=" ">
    <subfield code="a">volume</subfield>
    <subfield code="2">rdacarrier</subfield>
  </datafield>
  <datafield tag="502" ind1=" " ind2=" ">
    <subfield code="a">&#x623;&#x637;&#x631;&#x648;&#x62D;&#x629; (&#x62F;&#x643;&#x62A;&#x648;&#x631;&#x627;&#x647;)-&#x62C;&#x627;&#x645;&#x639;&#x629; &#x627;&#x644;&#x642;&#x627;&#x647;&#x631;&#x629;&#x60C; 2025.   </subfield>
  </datafield>
  <datafield tag="504" ind1=" " ind2=" ">
    <subfield code="a">&#x628;&#x628;&#x644;&#x64A;&#x648;&#x62C;&#x631;&#x627;&#x641;&#x64A;&#x627;: &#x635;&#x641;&#x62D;&#x627;&#x62A; 177-191.</subfield>
  </datafield>
  <datafield tag="520" ind1=" " ind2=" ">
    <subfield code="a">&#x647;&#x62F;&#x641; &#x627;&#x644;&#x628;&#x62D;&#x62B; &#x627;&#x644;&#x62D;&#x627;&#x644;&#x64A; &#x625;&#x644;&#x649; &#x627;&#x644;&#x62A;&#x62D;&#x642;&#x642; &#x645;&#x646; &#x641;&#x627;&#x639;&#x644;&#x64A;&#x629; &#x628;&#x631;&#x646;&#x627;&#x645;&#x62C; &#x642;&#x627;&#x626;&#x645; &#x639;&#x644;&#x649; &#x623;&#x646;&#x634;&#x637;&#x629; &#x627;&#x644;&#x644;&#x639;&#x628; &#x627;&#x644;&#x62C;&#x645;&#x627;&#x639;&#x64A; &#x644;&#x639;&#x644;&#x627;&#x62C; &#x625;&#x636;&#x637;&#x631;&#x627;&#x628; &#x627;&#x644;&#x644;&#x63A;&#x629; &#x627;&#x644;&#x628;&#x631;&#x627;&#x62C;&#x645;&#x627;&#x62A;&#x64A;&#x629; &#x648;&#x62A;&#x62D;&#x633;&#x64A;&#x646; &#x627;&#x644;&#x62A;&#x641;&#x627;&#x639;&#x644; &#x627;&#x644;&#x625;&#x62C;&#x62A;&#x645;&#x627;&#x639;&#x64A; &#x644;&#x62F;&#x649; &#x627;&#x644;&#x623;&#x637;&#x641;&#x627;&#x644; &#x632;&#x627;&#x631;&#x639;&#x64A; &#x627;&#x644;&#x642;&#x648;&#x642;&#x639;&#x629;&#x60C; &#x648;&#x645;&#x62F;&#x649; &#x625;&#x633;&#x62A;&#x645;&#x631;&#x627;&#x631;&#x64A;&#x62A;&#x647;. &#x62A;&#x643;&#x648;&#x646;&#x62A; &#x639;&#x64A;&#x646;&#x629; &#x627;&#x644;&#x628;&#x62D;&#x62B; &#x645;&#x646; (6) &#x645;&#x646; &#x627;&#x644;&#x623;&#x637;&#x641;&#x627;&#x644; &#x632;&#x627;&#x631;&#x639;&#x64A; &#x627;&#x644;&#x642;&#x648;&#x642;&#x639;&#x629;&#x60C; &#x648;&#x625;&#x646;&#x62D;&#x635;&#x631;&#x62A; &#x623;&#x639;&#x645;&#x627;&#x631;&#x647;&#x645; &#x628;&#x64A;&#x646; (5-7) &#x633;&#x646;&#x648;&#x627;&#x62A;&#x60C; &#x641;&#x64A; &#x639;&#x64A;&#x627;&#x62F;&#x629; (&#x646;&#x647;&#x644;&#x629; &#x631;&#x641;&#x627;&#x639;&#x64A;) &#x628;&#x645;&#x62D;&#x627;&#x641;&#x638;&#x629; &#x627;&#x644;&#x642;&#x627;&#x647;&#x631;&#x629;. &#x648;&#x627;&#x633;&#x62A;&#x62E;&#x62F;&#x645; &#x627;&#x644;&#x628;&#x62D;&#x62B; &#x645;&#x642;&#x64A;&#x627;&#x633; &#x645;&#x647;&#x627;&#x631;&#x627;&#x62A; &#x627;&#x644;&#x644;&#x63A;&#x629; &#x627;&#x644;&#x628;&#x631;&#x627;&#x62C;&#x645;&#x627;&#x62A;&#x64A;&#x629; &#x625;&#x639;&#x62F;&#x627;&#x62F; &#x645;&#x646;&#x649; &#x633;&#x645;&#x64A;&#x62D; (2013)&#x60C; &#x648;&#x645;&#x642;&#x64A;&#x627;&#x633; &#x627;&#x644;&#x62A;&#x641;&#x627;&#x639;&#x644; &#x627;&#x644;&#x625;&#x62C;&#x62A;&#x645;&#x627;&#x639;&#x64A; &#x625;&#x639;&#x62F;&#x627;&#x62F; &#x639;&#x627;&#x62F;&#x644; &#x639;&#x628;&#x62F; &#x627;&#x644;&#x644;&#x647; (2008)&#x60C; &#x648;&#x628;&#x631;&#x646;&#x627;&#x645;&#x62C; &#x644;&#x623;&#x646;&#x634;&#x637;&#x629; &#x627;&#x644;&#x644;&#x639;&#x628; &#x627;&#x644;&#x62C;&#x645;&#x627;&#x639;&#x64A; &#x644;&#x639;&#x644;&#x627;&#x62C; &#x625;&#x636;&#x637;&#x631;&#x627;&#x628; &#x627;&#x644;&#x644;&#x63A;&#x629; &#x627;&#x644;&#x628;&#x631;&#x627;&#x62C;&#x645;&#x627;&#x62A;&#x64A;&#x629; &#x648;&#x62A;&#x62D;&#x633;&#x64A;&#x646; &#x627;&#x644;&#x62A;&#x641;&#x627;&#x639;&#x644; &#x627;&#x644;&#x625;&#x62C;&#x62A;&#x645;&#x627;&#x639;&#x64A; &#x644;&#x62F;&#x649; &#x627;&#x644;&#x623;&#x637;&#x641;&#x627;&#x644; &#x632;&#x627;&#x631;&#x639;&#x64A; &#x627;&#x644;&#x642;&#x648;&#x642;&#x639;&#x629; (&#x625;&#x639;&#x62F;&#x627;&#x62F; &#x627;&#x644;&#x628;&#x627;&#x62D;&#x62B;&#x629;). &#x648;&#x623;&#x633;&#x641;&#x631;&#x62A; &#x646;&#x62A;&#x627;&#x626;&#x62C; &#x627;&#x644;&#x628;&#x62D;&#x62B; &#x639;&#x644;&#x649; &#x641;&#x627;&#x639;&#x644;&#x64A;&#x629; &#x628;&#x631;&#x646;&#x627;&#x645;&#x62C; &#x644;&#x623;&#x646;&#x634;&#x637;&#x629; &#x627;&#x644;&#x644;&#x639;&#x628; &#x627;&#x644;&#x62C;&#x645;&#x627;&#x639;&#x64A; &#x644;&#x639;&#x644;&#x627;&#x62C; &#x625;&#x636;&#x637;&#x631;&#x627;&#x628; &#x627;&#x644;&#x644;&#x63A;&#x629; &#x627;&#x644;&#x628;&#x631;&#x627;&#x62C;&#x645;&#x627;&#x62A;&#x64A;&#x629; &#x648;&#x62A;&#x62D;&#x633;&#x64A;&#x646; &#x627;&#x644;&#x62A;&#x641;&#x627;&#x639;&#x644; &#x627;&#x644;&#x625;&#x62C;&#x62A;&#x645;&#x627;&#x639;&#x64A; &#x644;&#x62F;&#x649; &#x627;&#x644;&#x623;&#x637;&#x641;&#x627;&#x644; &#x632;&#x627;&#x631;&#x639;&#x64A; &#x627;&#x644;&#x642;&#x648;&#x642;&#x639;&#x629;. &#x643;&#x645;&#x627; &#x628;&#x64A;&#x646;&#x62A; &#x646;&#x62A;&#x627;&#x626;&#x62C; &#x627;&#x644;&#x628;&#x62D;&#x62B; &#x641;&#x627;&#x639;&#x644;&#x64A;&#x629; &#x627;&#x644;&#x628;&#x631;&#x646;&#x627;&#x645;&#x62C; &#x641;&#x64A; &#x62A;&#x646;&#x645;&#x64A;&#x629; &#x627;&#x644;&#x644;&#x63A;&#x629; &#x627;&#x644;&#x628;&#x631;&#x627;&#x62C;&#x645;&#x627;&#x62A;&#x64A;&#x629; &#x648;&#x62A;&#x62D;&#x633;&#x64A;&#x646; &#x627;&#x644;&#x62A;&#x641;&#x627;&#x639;&#x644; &#x627;&#x644;&#x625;&#x62C;&#x62A;&#x645;&#x627;&#x639;&#x64A;. &#x643;&#x645;&#x627; &#x638;&#x647;&#x631; &#x641;&#x64A; &#x627;&#x644;&#x646;&#x62A;&#x627;&#x626;&#x62C; &#x623;&#x646;&#x647; &#x644;&#x627; &#x64A;&#x648;&#x62C;&#x62F; &#x641;&#x631;&#x642; &#x628;&#x64A;&#x646; &#x627;&#x644;&#x642;&#x64A;&#x627;&#x633;&#x64A;&#x646; &#x627;&#x644;&#x628;&#x639;&#x62F;&#x64A; &#x648;&#x627;&#x644;&#x62A;&#x62A;&#x628;&#x639;&#x64A; &#x641;&#x64A; &#x645;&#x642;&#x64A;&#x627;&#x633;&#x64A; &#x645;&#x647;&#x627;&#x631;&#x627;&#x62A; &#x627;&#x644;&#x644;&#x63A;&#x629; &#x627;&#x644;&#x628;&#x631;&#x627;&#x62C;&#x645;&#x627;&#x62A;&#x64A;&#x629; &#x648;&#x645;&#x642;&#x64A;&#x627;&#x633; &#x627;&#x644;&#x62A;&#x641;&#x627;&#x639;&#x644; &#x627;&#x644;&#x625;&#x62C;&#x62A;&#x645;&#x627;&#x639;&#x64A; &#x648;&#x623;&#x648;&#x635;&#x649; &#x627;&#x644;&#x628;&#x62D;&#x62B; &#x628;&#x645;&#x62C;&#x645;&#x648;&#x639;&#x629; &#x645;&#x646; &#x627;&#x644;&#x62A;&#x648;&#x635;&#x64A;&#x627;&#x62A; &#x648;&#x627;&#x644;&#x645;&#x642;&#x62A;&#x631;&#x62D;&#x627;&#x62A; &#x644;&#x623;&#x628;&#x62D;&#x627;&#x62B; &#x644;&#x627;&#x62D;&#x642;&#x629;.</subfield>
  </datafield>
  <datafield tag="520" ind1=" " ind2=" ">
    <subfield code="a">The aim of the current research is to verify the effectiveness of a program based on group play activities to develop pragmatic language and improve social interaction among children with cochlear implants and the extent of its continuity, to achieve the objectives, the research sample consisted of (6) children with cochlear implants whose ages ranged from (5 - 7) years who were selected from the Nahla Rafai Clinic in Cairo Governorate.To achieve these objectives, the research employed the Pragmatic Language Skills Scale developed by Mona Sameeh (2013) and the Social Interaction Scale developed by Adel Abdullah (2008).As well as, a group play activities program was specifically designed by the researcher to treat pragmatic language disorders and improve social interaction in children with cochlear implants. The results showed the effectiveness of the group play activities program in treating pragmatic language disorders and enhancing social interaction. The results also showed a difference between the post and follow-up measurements in the two measures of pragmatic language skills and the social interaction measure, and the research recommended a set of recommendations and proposals for subsequent research.</subfield>
  </datafield>
  <datafield tag="530" ind1=" " ind2=" ">
    <subfield code="a">&#x635;&#x62F;&#x631; &#x623;&#x64A;&#x636;&#x64B;&#x627; &#x643;&#x642;&#x631;&#x635; &#x645;&#x62F;&#x645;&#x62C;.</subfield>
  </datafield>
  <datafield tag="546" ind1=" " ind2=" ">
    <subfield code="a">&#x627;&#x644;&#x646;&#x635; &#x628;&#x627;&#x644;&#x639;&#x631;&#x628;&#x64A;&#x629; &#x648;&#x627;&#x644;&#x645;&#x644;&#x62E;&#x635; &#x628;&#x627;&#x644;&#x644;&#x63A;&#x629; &#x627;&#x644;&#x625;&#x646;&#x62C;&#x644;&#x64A;&#x632;&#x64A;&#x629; &#x648;&#x627;&#x644;&#x639;&#x631;&#x628;&#x64A;&#x629;.</subfield>
  </datafield>
  <datafield tag="650" ind1=" " ind2="7">
    <subfield code="a">&#x202A;&#x627;&#x644;&#x623;&#x637;&#x641;&#x627;&#x644; &#x627;&#x644;&#x645;&#x639;&#x648;&#x642;&#x648;&#x646; &#x633;&#x645;&#x639;&#x64A;&#x627;</subfield>
    <subfield code="2">qrmak</subfield>
  </datafield>
  <datafield tag="653" ind1=" " ind2="0">
    <subfield code="a">&#x623;&#x646;&#x634;&#x637;&#x629; &#x627;&#x644;&#x644;&#x639;&#x628; &#x627;&#x644;&#x62C;&#x645;&#x627;&#x639;&#x64A;</subfield>
    <subfield code="a">&#x627;&#x644;&#x62A;&#x641;&#x627;&#x639;&#x644; &#x627;&#x644;&#x627;&#x62C;&#x62A;&#x645;&#x627;&#x639;&#x64A;</subfield>
    <subfield code="a">&#x627;&#x644;&#x644;&#x63A;&#x629; &#x627;&#x644;&#x628;&#x631;&#x627;&#x62C;&#x645;&#x627;&#x62A;&#x64A;&#x629;</subfield>
  </datafield>
  <datafield tag="700" ind1="0" ind2=" ">
    <subfield code="a">&#x634;&#x62D;&#x627;&#x62A;&#x647; &#x633;&#x644;&#x64A;&#x645;&#x627;&#x646; &#x645;&#x62D;&#x645;&#x62F;          </subfield>
    <subfield code="e">&#x645;&#x634;&#x631;&#x641; &#x623;&#x637;&#x631;&#x648;&#x62D;&#x629;.</subfield>
  </datafield>
  <datafield tag="700" ind1="0" ind2=" ">
    <subfield code="a">&#x647;&#x646;&#x62F; &#x625;&#x633;&#x645;&#x627;&#x639;&#x64A;&#x644; &#x625;&#x645;&#x628;&#x627;&#x628;&#x64A;          </subfield>
    <subfield code="e">&#x645;&#x634;&#x631;&#x641; &#x623;&#x637;&#x631;&#x648;&#x62D;&#x629;.</subfield>
  </datafield>
  <datafield tag="900" ind1=" " ind2=" ">
    <subfield code="b">12-03-2025</subfield>
    <subfield code="c">&#x634;&#x62D;&#x627;&#x62A;&#x647; &#x633;&#x644;&#x64A;&#x645;&#x627;&#x646; &#x645;&#x62D;&#x645;&#x62F;          </subfield>
    <subfield code="c">&#x647;&#x646;&#x62F; &#x625;&#x633;&#x645;&#x627;&#x639;&#x64A;&#x644; &#x625;&#x645;&#x628;&#x627;&#x628;&#x64A;          </subfield>
    <subfield code="d">&#x62E;&#x627;&#x644;&#x62F; &#x639;&#x628;&#x62F; &#x627;&#x644;&#x631;&#x627;&#x632;&#x642; &#x627;&#x644;&#x646;&#x62C;&#x627;&#x631;</subfield>
    <subfield code="d">&#x637;&#x647; &#x645;&#x62D;&#x645;&#x62F; &#x645;&#x628;&#x631;&#x648;&#x643;</subfield>
    <subfield code="U">&#x62C;&#x627;&#x645;&#x639;&#x629; &#x627;&#x644;&#x642;&#x627;&#x647;&#x631;&#x629;</subfield>
    <subfield code="F">&#x643;&#x644;&#x64A;&#x629; &#x627;&#x644;&#x62A;&#x631;&#x628;&#x64A;&#x629; &#x644;&#x644;&#x637;&#x641;&#x648;&#x644;&#x629; &#x627;&#x644;&#x645;&#x628;&#x643;&#x631;&#x629;</subfield>
    <subfield code="D">&#x642;&#x633;&#x645; &#x627;&#x644;&#x639;&#x644;&#x648;&#x645; &#x627;&#x644;&#x646;&#x641;&#x633;&#x64A;&#x629;</subfield>
  </datafield>
  <datafield tag="905" ind1=" " ind2=" ">
    <subfield code="a">Sara</subfield>
  </datafield>
  <datafield tag="942" ind1=" " ind2=" ">
    <subfield code="2">ddc</subfield>
    <subfield code="c">TH</subfield>
    <subfield code="e">21</subfield>
    <subfield code="n">0</subfield>
  </datafield>
  <datafield tag="999" ind1=" " ind2=" ">
    <subfield code="c">180012</subfield>
  </datafield>
  <datafield tag="952" ind1=" " ind2=" ">
    <subfield code="2">ddc</subfield>
    <subfield code="9">317821</subfield>
    <subfield code="a">CUCL</subfield>
    <subfield code="b">cl210</subfield>
    <subfield code="d">2026-05-06</subfield>
    <subfield code="i">33178</subfield>
    <subfield code="o">Cai01.26.03.Ph.D.2025.&#x634;&#x64A;.&#x641;</subfield>
    <subfield code="p">01010100033178000</subfield>
    <subfield code="r">2026-05-06 09:29:06</subfield>
    <subfield code="w">2026-05-06</subfield>
    <subfield code="y">TH</subfield>
  </datafield>
</record>
